000 00572nam a2200193Ia 4500
999 _c118
_d118
020 _a0 19 690400 5
082 _a301.01 POG-;
100 _aPoggi, Gianfranco
245 0 _aImages of society: essays on the sociological theoreies of Tocqueville, Marx, an
260 _aOxford
_bOxford University Press
_c1972
300 _a267p.
504 _aIncludes index
650 _aSociology - Philosophy
650 _aMarx, Karl - Philosophy
650 _aDurkheim, Emile - Philosophy
650 _aTocqueville, Alexis de - Philosophy
650 _aSociologists
942 _cBK